<?xml version="1.0" encoding="UTF-8"?>
<record
    xmlns:xsi="http://www.w3.org/2001/XMLSchema-instance"
    xsi:schemaLocation="http://www.loc.gov/MARC21/slim http://www.loc.gov/standards/marcxml/schema/MARC21slim.xsd"
    xmlns="http://www.loc.gov/MARC21/slim">

  <leader>01026nam a2200265 i 4500</leader>
  <controlfield tag="003">CSPC</controlfield>
  <controlfield tag="005">20251202143249.0</controlfield>
  <controlfield tag="007">ta</controlfield>
  <controlfield tag="008">251202s2017    ph ab    d    000 0 eng  </controlfield>
  <datafield tag="020" ind1=" " ind2=" ">
    <subfield code="a">9781910965849</subfield>
    <subfield code="q">(hardback)</subfield>
  </datafield>
  <datafield tag="040" ind1=" " ind2=" ">
    <subfield code="a">DLC</subfield>
    <subfield code="b">eng</subfield>
    <subfield code="c">DLC</subfield>
    <subfield code="d">CSPC</subfield>
    <subfield code="e">rda</subfield>
  </datafield>
  <datafield tag="050" ind1=" " ind2=" ">
    <subfield code="a">PE1635</subfield>
  </datafield>
  <datafield tag="082" ind1=" " ind2=" ">
    <subfield code="a">423.99211</subfield>
    <subfield code="b">Of24</subfield>
  </datafield>
  <datafield tag="245" ind1="1" ind2="4">
    <subfield code="a">The official Webster's English-Filipino dictionary with Thesaurus.</subfield>
  </datafield>
  <datafield tag="264" ind1=" " ind2="1">
    <subfield code="a">Manila, Philippines :</subfield>
    <subfield code="b">WS Pacific Publications. Inc., </subfield>
    <subfield code="c">2017.</subfield>
  </datafield>
  <datafield tag="300" ind1=" " ind2=" ">
    <subfield code="a">vi, 1146 pages ;</subfield>
    <subfield code="b">with illustrations, </subfield>
    <subfield code="c">27 cm.</subfield>
  </datafield>
  <datafield tag="336" ind1=" " ind2=" ">
    <subfield code="2">rdacontent</subfield>
    <subfield code="a">text</subfield>
    <subfield code="b">txt</subfield>
  </datafield>
  <datafield tag="337" ind1=" " ind2=" ">
    <subfield code="2">rdamedia</subfield>
    <subfield code="a">unmediated </subfield>
    <subfield code="b">n</subfield>
  </datafield>
  <datafield tag="338" ind1=" " ind2=" ">
    <subfield code="2">rdacarrier</subfield>
    <subfield code="a">volume</subfield>
    <subfield code="b">nc</subfield>
  </datafield>
  <datafield tag="505" ind1="0" ind2=" ">
    <subfield code="a">Appendices -- The Philippines and the world -- Countries and flags of the world .</subfield>
  </datafield>
  <datafield tag="650" ind1=" " ind2=" ">
    <subfield code="a">English Language </subfield>
    <subfield code="x">Dictionaries </subfield>
    <subfield code="x">Filipino</subfield>
  </datafield>
  <datafield tag="650" ind1=" " ind2=" ">
    <subfield code="a">Filipino Language </subfield>
    <subfield code="x">Dictionaries </subfield>
    <subfield code="x">English </subfield>
  </datafield>
  <datafield tag="942" ind1=" " ind2=" ">
    <subfield code="2">ddc</subfield>
    <subfield code="n">0</subfield>
    <subfield code="c">BK</subfield>
    <subfield code="h">423.99211</subfield>
    <subfield code="k">GR</subfield>
    <subfield code="m">2017</subfield>
    <subfield code="i">Of24</subfield>
  </datafield>
  <datafield tag="952" ind1=" " ind2=" ">
    <subfield code="0">0</subfield>
    <subfield code="1">0</subfield>
    <subfield code="2">ddc</subfield>
    <subfield code="4">0</subfield>
    <subfield code="7">1</subfield>
    <subfield code="a">BUHI</subfield>
    <subfield code="b">BUHI</subfield>
    <subfield code="c">GR</subfield>
    <subfield code="d">2025-12-02</subfield>
    <subfield code="e">GAA</subfield>
    <subfield code="l">0</subfield>
    <subfield code="o">GR 423.99211 Of24 2017</subfield>
    <subfield code="p">001942-BUH</subfield>
    <subfield code="r">2025-12-02 14:27:27</subfield>
    <subfield code="t">1-1</subfield>
    <subfield code="w">2025-12-02</subfield>
    <subfield code="y">BK</subfield>
  </datafield>
  <datafield tag="999" ind1=" " ind2=" ">
    <subfield code="c">30999</subfield>
    <subfield code="d">30999</subfield>
  </datafield>
</record>
